000 00603nam a22001937a 4500
003 OSt
005 20180116183030.0
008 151218b xxu||||| |||| 00| 0 eng d
020 _a.03-844-2011-1
024 _2.03-844-2011-1
040 _cLahore LUMS
082 _a174.4 LUM 2011
100 _aMUMTAZ MK, RANA AI
245 _aSALES FORCE INCENTIVES AT SERVICE SALES CORPORATION
_cMUMTAZ MK, RANA AI
260 _aLahore LUMS
_b Lahore University of Management Sciences
_c2011
300 _a22 p.
_bPapers
440 _aSALES FORCE INCENTIVES AT SERVICE SALES CORPORATION
942 _2ddc
_cCS
999 _c350983
_d350983